[Event "Druzynowe Mistrzostwa Polski - II liga"]
[Site "Dom Wczasowy VIS Jastrzebia Gora"]
[Date "1899-12-30"]
[Round "7.77"]
[White "Trusz, Julia"]
[Black "Kostecka, Marika"]
[Result "1/2-1/2"]
[WhiteTitle "I++"]
[BlackTitle "WCM"]
[WhiteElo "1741"]
[BlackElo "1868"]

1. d4 Nf6 2. c4 e6 3. g3 Bb4+ 4. Nd2 O-O 5. Bg2 d6 6. Ngf3 Qe7 7. Qb3 Bxd2+ 8.
Bxd2 e5 9. dxe5 dxe5 10. Bc3 Nc6 11. O-O Ne4 12. Rad1 Nxc3 13. Qxc3 e4 14. Nd4
Bd7 15. Nxc6 Bxc6 16. Rd4 Rad8 17. Rfd1 Rxd4 18. Qxd4 a6 19. b3 h6 20. Bh3 Re8
21. Bg2 Qg5 22. Qd2 Qe5 23. Qd4 Qe7 24. Rd2 Kf8 25. Rd1 Kg8 26. Rd2 Kf8 27. Rd1
Kg8 28. Rd2 1/2-1/2

[Event "Druzynowe Mistrzostwa Polski - II liga"]
[Site "Dom Wczasowy VIS Jastrzebia Gora"]
[Date "1899-12-30"]
[Round "7.78"]
[White "Bebel, Arkadiusz"]
[Black "Zaskalski, Arkadiusz"]
[Result "1-0"]
[WhiteTitle "FM"]
[BlackTitle "k"]
[WhiteElo "2253"]
[BlackElo "2154"]

1. Nf3 Nf6 2. g3 g6 3. b3 Bg7 4. Bb2 O-O 5. Bg2 c5 6. O-O d5 7. c4 dxc4 8. bxc4
Nc6 9. d3 Qd6 10. Nc3 e5 11. Rb1 Rb8 12. Ng5 b6 13. Nb5 Qd7 14. Bxc6 Qxc6 15.
Nxa7 Qc7 16. Nxc8 Rfxc8 17. Qc2 h5 18. h4 Ng4 19. Bc1 Re8 20. e4 f5 21. f3 Nh6
22. Kg2 Rbd8 23. Rb3 Rd6 24. Be3 Bf6 25. Rfb1 Nf7 26. Nxf7 Kxf7 27. a4 Re7 28.
Qc1 Red7 29. Bg5 fxe4 30. fxe4 Kg7 31. Bxf6+ Rxf6 32. R1b2 Qd8 33. Qc3 Re7 34.
Rf2 Rxf2+ 35. Kxf2 Rf7+ 36. Kg1 Qf6 37. Qe1 Qf3 38. Rc3 Rd7 39. d4 Qg4 40. d5
Rf7 41. Kg2 g5 42. hxg5 h4 43. Kh2 h3 44. Re3 Qxg5 45. Kxh3 Rf6 46. Kg2 Rh6 47.
Rf3 Qg4 48. Rf5 Qh3+ 49. Kf3 Qh2 50. Qa1 Rf6 51. Qxe5 Qh1+ 52. Kf2 Qh2+ 53. Kf3
Qh1+ 54. Kg4 Qd1+ 55. Kg5 Qd2+ 56. Rf4 1-0

[Event "Druzynowe Mistrzostwa Polski - II liga"]
[Site "Dom Wczasowy VIS Jastrzebia Gora"]
[Date "1899-12-30"]
[Round "7.79"]
[White "Mika, Tomasz"]
[Black "Solnicki, Michal"]
[Result "0-1"]
[WhiteTitle "CM"]
[BlackTitle "k"]
[WhiteElo "2157"]
[BlackElo "2144"]

1. d4 Nf6 2. Bf4 d5 3. Nf3 e6 4. e3 Bd6 5. c3 Bxf4 6. exf4 Qd6 7. g3 c5 8. Nbd2
Nc6 9. dxc5 Qxc5 10. Nb3 Qb6 11. Bd3 Bd7 12. Qe2 O-O 13. O-O a5 14. Nbd4 Nxd4
15. Nxd4 a4 16. a3 Rfe8 17. Rab1 Bc6 18. Rfe1 Qc5 19. Qf3 Nd7 20. Re2 Qf8 21.
Rbe1 g6 22. h4 Qg7 23. Qg4 Nc5 24. Bb1 Bd7 25. Qf3 Rec8 26. h5 Ra6 27. hxg6 hxg6
28. Qe3 Qf6 29. Kg2 Rb6 30. Rh1 Bb5 31. Rd2 Bc4 32. Nf3 Rb5 33. Ne5 Nb3 34. Rdd1
d4 35. cxd4 Bd5+ 36. Be4 Rc2 37. Rh6 Bxe4+ 38. Qxe4 Qf5 39. Qxf5 exf5 40. Rdh1
Rc7 41. Rh8+ Kg7 42. Rd8 Nd2 43. d5 Ne4 44. Rhh8 Rxb2 45. Rhg8+ Kh7 46. Rh8+ Kg7
47. Rdg8+ Kf6 48. Rh7 Rxf2+ 49. Kh3 Ng5+ 50. fxg5+ Kxe5 51. Re8+ Kxd5 0-1

[Event "Druzynowe Mistrzostwa Polski - II liga"]
[Site "Dom Wczasowy VIS Jastrzebia Gora"]
[Date "1899-12-30"]
[Round "7.80"]
[White "Zysko, Jan"]
[Black "Markiewicz, Jerzy"]
[Result "1-0"]
[WhiteTitle "k"]
[BlackTitle "FM"]
[WhiteElo "2071"]
[BlackElo "2205"]

1. e4 c5 2. Nf3 Nc6 3. d4 cxd4 4. Nxd4 Nf6 5. Nc3 e5 6. Ndb5 d6 7. Bg5 a6 8. Na3
b5 9. Bxf6 gxf6 10. Nd5 Bg7 11. g3 f5 12. exf5 Bxf5 13. Bg2 Be6 14. O-O O-O 15.
c3 Rb8 16. Nc2 a5 17. a3 f5 18. Nce3 f4 19. gxf4 exf4 20. Nxf4 Rxf4 21. Bxc6 Qg5+
22. Kh1 Rh4 23. Qxd6 Be5 24. Qxe6+ Kh8 25. f4 Bxf4 26. Rxf4 Qxf4 27. Nf1 Rh6 28.
Qe4 Qd6 29. Bd5 Rh5 30. Qd4+ Qe5 31. Bf3 Rf5 32. Qxe5+ Rxe5 33. Rd1 Rc8 34. Kg2
b4 35. cxb4 axb4 36. axb4 Rb5 37. Rd2 Rxb4 38. Bd5 Rf8 39. Ne3 Rb6 40. h3 Rg6+
41. Kh2 Rb6 42. b3 Re8 43. Rd3 Rd6 44. Nc4 Rg6 45. h4 Kg7 46. Kh3 Re1 47. Ne3
Rf6 48. Ng4 Rd6 49. Rg3 h5 50. Nf2+ Kf8 51. Rf3+ Kg7 52. Bc4 Rd4 53. Rg3+ Kf6
54. Rg5 Re3+ 55. Rg3 Re1 56. Rf3+ Kg7 57. Rd3 Rf4 58. Kg3 Rf8 59. Nh3 Re4 60.
Ng5 Rg4+ 61. Kh3 Re8 62. Rd7+ Kf6 63. Rf7+ Ke5 64. Rf2 Kd4 65. Ne6+ Kc3 66. Rf3+
Kb4 67. Nf4 Re4 68. Ng2 Re5 69. Ne3 Rg1 70. Nf5 Re4 71. Ng3 Re5 72. Kh2 Rge1 73.
Kg2 Rd1 74. Bf7 Rd4 75. Kh3 1-0

[Event "Druzynowe Mistrzostwa Polski - II liga"]
[Site "Dom Wczasowy VIS Jastrzebia Gora"]
[Date "1899-12-30"]
[Round "7.81"]
[White "Augustyn, Sebastian"]
[Black "Chrzaszcz, Malvina"]
[Result "0-1"]
[WhiteTitle "k"]
[BlackTitle "k+"]
[WhiteElo "2093"]
[BlackElo "1968"]

1. e4 c5 2. Ne2 d6 3. g3 Nc6 4. Bg2 g6 5. d4 cxd4 6. Nxd4 Bg7 7. Ne2 Nf6 8. Nbc3
O-O 9. O-O a6 10. a4 Rb8 11. Re1 Bd7 12. h3 b5 13. axb5 axb5 14. Nd5 Re8 15. Bg5
Nxd5 16. exd5 Ne5 17. Be3 Nc4 18. Bd4 Nxb2 19. Qc1 Nc4 20. Bxg7 Kxg7 21. Nd4 Qb6
22. Qf4 Ne5 23. Re2 Ra8 24. Rxa8 Rxa8 25. Qe3 Qc5 26. f4 Nc4 27. Qf2 Kf8 28. Kh2
Ra3 29. Nb3 Qxf2 30. Rxf2 Ne3 31. Be4 f5 32. Rf3 Nc4 33. Bd3 Nb6 34. Nd4 Nxd5
35. Rf1 Nb4 36. Rd1 Nxd3 37. cxd3 Kf7 38. Kg2 e5 39. fxe5 dxe5 40. Ne2 b4 41.
Rb1 Ra4 42. Kf2 Ke6 43. h4 Kd5 44. Ke3 h6 45. Nc1 g5 46. hxg5 hxg5 47. Rb2 f4+
48. gxf4 exf4+ 49. Kf3 Ke5 50. Rc2 g4+ 51. Kf2 Be6 52. Re2+ Kf5 53. Rc2 g3+ 54.
Ke2 Kg4 55. Rc6 f3+ 56. Ke3 f2 57. Ke2 Bd5 58. Rg6+ Kh3 59. Rg5 Bf3+ 0-1

[Event "Druzynowe Mistrzostwa Polski - II liga"]
[Site "Dom Wczasowy VIS Jastrzebia Gora"]
[Date "1899-12-30"]
[Round "7.82"]
[White "Pettersson, Alexander"]
[Black "Markiewicz, Mateusz"]
[Result "0-1"]
[WhiteTitle "II+"]
[BlackTitle "I++"]
[WhiteElo "1849"]
[BlackElo "2048"]

1. d4 d5 2. Nf3 c6 3. c4 e6 4. e3 Nf6 5. Bd3 dxc4 6. Bxc4 Bb4+ 7. Nbd2 O-O 8. O-O
Nbd7 9. b3 Bc3 10. Ba3 Bxa1 11. Bxf8 Nxf8 12. Qxa1 Ng6 13. Rc1 Bd7 14. Bd3 Nf8
15. Nc4 Be8 16. Bb1 Qe7 17. Nce5 N6d7 18. Nd3 f6 19. Nf4 g5 20. Nd3 Bg6 21. Nc5
Nxc5 22. Bxg6 hxg6 23. Rxc5 Nd7 24. Rc1 Kf7 25. e4 g4 26. Nd2 Rh8 27. Qc3 Qd6
28. Nf1 Nb6 29. a4 Rd8 30. a5 Nc8 31. Rd1 Qf4 32. d5 exd5 33. exd5 Ne7 34. Ne3
Nxd5 35. Qc5 Qe4 36. g3 Nxe3 0-1

[Event "Druzynowe Mistrzostwa Polski - II liga"]
[Site "Dom Wczasowy VIS Jastrzebia Gora"]
[Date "1899-12-30"]
[Round "7.83"]
[White "Jalowiec, Halina"]
[Black "Kaniak, Monika"]
[Result "1-0"]
[WhiteTitle "WFM"]
[BlackTitle "k"]
[WhiteElo "1807"]
[BlackElo "1824"]

1. e4 d6 2. d4 Nf6 3. Nc3 g6 4. f4 Bg7 5. Nf3 O-O 6. e5 dxe5 7. dxe5 Qxd1+ 8. Kxd1
Ng4 9. Ke1 c6 10. h3 Nh6 11. g4 f6 12. Bc4+ Kh8 13. exf6 exf6 14. Kf2 b5 15. Bb3
Nd7 16. Be3 f5 17. g5 Nf7 18. Rhd1 Nd8 19. Rd6 Nb6 20. Rad1 Bb7 21. Bc5 Rc8 22.
Ne5 Nd5 23. R6xd5 cxd5 24. Bxf8 Bxf8 25. Nxd5 Bc5+ 26. Kg3 Nc6 27. Nf6 Nd4 28.
Rd2 Bh1 29. c3 Nc6 30. Rd7 Ne7 31. Nf7+ Kg7 32. Nd6 Bxd6 33. Rxd6 Bc6 34. Be6
Rc7 35. Rd8 h6 36. h4 hxg5 37. hxg5 a5 38. Kf2 b4 39. c4 Ra7 40. Rb8 Ra8 41. Rxa8
Bxa8 42. Ke3 Kf8 43. Kd4 Nc6+ 44. Kc5 Nd8 45. Kd6 a4 46. a3 bxa3 47. bxa3 Nb7+
48. Kc7 Na5 49. Kb6 Nb3 50. c5 Ke7 51. Bc4 Nd2 52. Bb5 Nb1 53. c6 1-0

[Event "Druzynowe Mistrzostwa Polski - II liga"]
[Site "Dom Wczasowy VIS Jastrzebia Gora"]
[Date "1899-12-30"]
[Round "7.85"]
[White "Daniel, Damian"]
[Black "Miturova, Magdalena"]
[Result "0-1"]
[WhiteTitle "CM"]
[BlackTitle "WIM"]
[WhiteElo "2163"]
[BlackElo "2219"]

1. d4 Nf6 2. c4 e6 3. Nc3 Bb4 4. Qc2 Nc6 5. e3 d6 6. Bd2 e5 7. d5 Bxc3 8. Bxc3
Ne7 9. Bd3 b5 10. e4 bxc4 11. Bxc4 O-O 12. Ne2 Bd7 13. O-O c6 14. dxc6 Bxc6 15.
Ng3 Qb6 16. Rfe1 Rac8 17. Qb3 Qc7 18. Rad1 Nd7 19. Qa3 Nb6 20. Bb3 Rcd8 21. Qa6
Kh8 22. Qe2 f5 23. exf5 Nxf5 24. Ne4 Qb7 25. f4 Nd5 26. fxe5 Nf4 27. Qc2 Nh4 28.
Ng5 Rf5 29. Ne4 Nfxg2 30. Rxd6 Rdf8 31. Rxc6 Nxe1 32. Bxe1 Rf1# 0-1

[Event "Druzynowe Mistrzostwa Polski - II liga"]
[Site "Dom Wczasowy VIS Jastrzebia Gora"]
[Date "1899-12-30"]
[Round "7.88"]
[White "Strzelecki, Jerzy"]
[Black "Szmyd, Marek"]
[Result "1/2-1/2"]
[WhiteTitle "k"]
[BlackTitle "k"]
[WhiteElo "1863"]
[BlackElo "1885"]

1. Nf3 f5 2. g3 Nf6 3. Bg2 d6 4. d4 g6 5. b4 Bg7 6. Bb2 Ne4 7. c4 c5 8. a3 Nc6
9. O-O O-O 10. b5 Nxd4 11. Nxd4 cxd4 12. Bxd4 e5 13. Bb2 Be6 14. Nd2 Nc5 15. Bd5
Qe7 16. Nf3 Rac8 17. Rc1 h6 18. Rc2 Rfd8 19. Nh4 Kh7 20. Ng2 Bxd5 21. Qxd5 Ne4
22. Ne3 Nf6 23. Qd2 d5 24. cxd5 Rxc2 25. Qxc2 Nxd5 26. Nxd5 Rxd5 27. a4 Qb4 28.
Ba1 Rd2 29. Qc7 Rxe2 30. Qxb7 Qxa4 31. f4 Qa3 32. Bxe5 Qe3+ 33. Kh1 Qe4+ 34. Qxe4
Rxe4 35. Bxg7 Kxg7 36. Ra1 Re7 37. Ra6 Rb7 38. Kg2 Rxb5 1/2-1/2

[Event "Druzynowe Mistrzostwa Polski - II liga"]
[Site "Dom Wczasowy VIS Jastrzebia Gora"]
[Date "1899-12-30"]
[Round "7.89"]
[White "Rychlik, Hanna"]
[Black "Posuniak, Weronika"]
[Result "1/2-1/2"]
[WhiteTitle "k"]
[BlackTitle "k"]
[WhiteElo "2043"]
[BlackElo "1887"]

1. d4 d5 2. Nf3 Nf6 3. g3 g6 4. Bg2 Bg7 5. O-O O-O 6. b3 Re8 7. Bb2 c6 8. Nbd2
Bf5 9. Nh4 Qd7 10. Nxf5 Qxf5 11. f3 Qh5 12. e4 e6 13. e5 Nfd7 14. g4 Qh4 15. f4
f6 16. exf6 Nxf6 17. h3 Nfd7 18. Qe2 Na6 19. Rae1 Nc7 20. Nf3 Qd8 21. h4 a5 22.
g5 a4 23. b4 Nb5 24. Qd3 Nf8 25. Bh3 Qd6 26. Qd2 b6 27. Ne5 c5 28. c4 Nxd4 29.
Bxd4 cxd4 30. Bg2 Rad8 31. cxd5 exd5 32. Qxd4 Ne6 33. Qf2 Nxf4 34. Nf7 Kxf7 35.
Qxf4+ Qxf4 36. Rxf4+ Kg8 37. Bxd5+ Kh8 38. Rxe8+ Rxe8 39. Bc6 Re2 40. Bd5 Rd2
41. Be6 Rd4 42. Rxd4 1/2-1/2

[Event "Druzynowe Mistrzostwa Polski - II liga"]
[Site "Dom Wczasowy VIS Jastrzebia Gora"]
[Date "1899-12-30"]
[Round "7.90"]
[White "Jaskolka, Tomasz"]
[Black "Maj, Pawel"]
[Result "1-0"]
[WhiteTitle "CM"]
[BlackTitle "k"]
[WhiteElo "2213"]
[BlackElo "2188"]

1. d4 Nf6 2. c4 c6 3. g3 d5 4. Bg2 dxc4 5. Nf3 Nbd7 6. a4 a5 7. O-O g6 8. Qc2 Bg7
9. e4 O-O 10. Nbd2 b5 11. b3 e5 12. Bb2 exd4 13. Nxd4 Ne5 14. bxc4 bxc4 15. Rfd1
Rb8 16. Bc3 Ba6 17. Nf5 Nd3 18. Nxg7 Kxg7 19. Nf3 Qe7 20. Nd4 Rfc8 21. Qd2 h6
22. Rab1 Rxb1 23. Rxb1 Qc5 24. Qe3 Re8 25. Rb6 Bc8 26. Rxc6 Qa3 27. Ne2 Be6 28.
Qd4 Qe7 29. Rd6 Rb8 30. h3 Rb1+ 31. Kh2 Rd1 32. Ra6 Nb2 33. Ra7 Bd7 34. Rxd7 Qxd7
35. Qxf6+ Kf8 36. Nf4 1-0

[Event "Druzynowe Mistrzostwa Polski - II liga"]
[Site "Dom Wczasowy VIS Jastrzebia Gora"]
[Date "1899-12-30"]
[Round "7.94"]
[White "Wozniak, Marcin"]
[Black "Koziol, Pawel"]
[Result "1-0"]
[WhiteTitle "I++"]
[BlackTitle "I++"]
[WhiteElo "1821"]
[BlackElo "1732"]

1. e4 c5 2. Nc3 Nc6 3. g3 g6 4. Bg2 Bg7 5. d3 e6 6. Be3 d6 7. f4 Nge7 8. Nf3 O-O
9. O-O Rb8 10. Qd2 b5 11. d4 b4 12. Ne2 Ba6 13. Rfd1 Qb6 14. Nc1 Rfd8 15. Qf2
cxd4 16. Nxd4 Nxd4 17. Bxd4 Bxd4 18. Rxd4 Nc6 19. Rd2 Na5 20. Qxb6 Rxb6 21. b3
Nc6 22. a3 bxa3 23. Rxa3 e5 24. c3 f6 25. Kf2 Kf7 26. Ke3 Ke7 27. Bf3 Rdb8 28.
Bd1 exf4+ 29. gxf4 g5 30. fxg5 fxg5 31. Rda2 Bc8 32. Rg2 h6 33. h4 Kf6 34. Raa2
Be6 35. hxg5+ hxg5 36. Raf2+ Ke7 37. Rxg5 Ne5 38. Rg7+ Bf7 39. Bh5 Rf8 40. Nd3
Rg8 41. Rfxf7+ Nxf7 42. Rxg8 1-0

[Event "Druzynowe Mistrzostwa Polski - II liga"]
[Site "Dom Wczasowy VIS Jastrzebia Gora"]
[Date "1899-12-30"]
[Round "7.95"]
[White "Baranska, Monika"]
[Black "Trybowska, Barbara"]
[Result "0-1"]
[WhiteTitle "I++"]
[BlackTitle "I++"]
[WhiteElo "1763"]
[BlackElo "1848"]

1. d4 Nf6 2. Bg5 d5 3. e3 c6 4. Nf3 Ne4 5. Bf4 Qb6 6. Qc1 Bf5 7. Be2 h6 8. O-O
Nd7 9. Nbd2 g5 10. Be5 f6 11. Bg3 h5 12. h3 h4 13. Bh2 g4 14. hxg4 Bxg4 15. Bd3
h3 16. Ne1 O-O-O 17. c4 Nxd2 18. Qxd2 dxc4 19. Bxc4 hxg2 20. Nxg2 Ne5 21. Bxe5
fxe5 22. f3 Bh3 23. Rad1 exd4 24. Rfe1 Bh6 25. f4 Qc5 26. Bf1 Bg7 27. Rc1 Qb6
28. Re2 dxe3 29. Qc2 Bg4 30. Rxe3 Bd4 31. Qe4 Bxe3+ 32. Nxe3 e6 33. Bg2 Rd4 34.
Qe5 Rh5 35. Qf6 Rd1+ 36. Rxd1 Qxe3+ 37. Kf1 Be2+ 0-1

[Event "Druzynowe Mistrzostwa Polski - II liga"]
[Site "Dom Wczasowy VIS Jastrzebia Gora"]
[Date "1899-12-30"]
[Round "7.96"]
[White "Balinski, Damian"]
[Black "Klepek, Witold"]
[Result "1/2-1/2"]
[WhiteTitle "k"]
[BlackTitle "k++"]
[WhiteElo "2188"]
[BlackElo "2182"]

1. d4 Nf6 2. c4 c5 3. d5 b5 4. cxb5 a6 5. bxa6 g6 6. Nc3 Bg7 7. e4 O-O 8. Bc4 Qa5
9. a7 Rxa7 10. Bd2 Qb6 11. Nf3 Ba6 12. b3 e6 13. O-O exd5 14. exd5 d6 15. Re1
Nbd7 16. Rb1 Ng4 17. a4 Nge5 18. Nxe5 Nxe5 19. Bxa6 Rxa6 20. Nb5 Rc8 21. Bc3 Qd8
22. f4 Nd7 23. Bxg7 Kxg7 24. Qe2 Nf6 25. Qc4 Qd7 26. Rbd1 Rb6 27. h3 h5 28. Rd3
Re8 29. Rde3 Rbb8 30. Rxe8 Rxe8 31. Rxe8 Qxe8 32. Nxd6 Qe7 33. Nb5 Qe3+ 34. Kh2
Ne4 35. Qf1 Qg3+ 36. Kg1 Qe3+ 37. Kh2 Qg3+ 1/2-1/2

[Event "Druzynowe Mistrzostwa Polski - II liga"]
[Site "Dom Wczasowy VIS Jastrzebia Gora"]
[Date "1899-12-30"]
[Round "7.97"]
[White "Zarnowski, Krzysztof"]
[Black "Zerebiec, Maurycy"]
[Result "1/2-1/2"]
[WhiteTitle "I++"]
[BlackTitle "I++"]
[WhiteElo "2050"]
[BlackElo "1885"]

1. d4 d5 2. c4 e6 3. Nc3 c6 4. e3 Bd6 5. Nf3 f5 6. b3 Nf6 7. Bb2 O-O 8. Qc2 Ne4
9. Bd3 Nd7 10. O-O-O a5 11. Kb1 Qe7 12. h4 Ndf6 13. c5 Bc7 14. Na4 Ng4 15. Rdf1
e5 16. Nxe5 Nxe5 17. dxe5 Bxe5 18. Bxe5 Qxe5 19. f4 Qf6 20. Bxe4 fxe4 21. Nb6
Ra6 22. Qb2 Qe7 23. Qd4 h5 24. Qe5 Qf7 25. f5 Bxf5 26. g4 hxg4 27. h5 Qf6 28.
Qxf6 Rxf6 29. Rf4 Kf7 30. Rhf1 Ke6 31. Kb2 Rxb6 32. cxb6 c5 33. Rc1 d4 34. Rxc5
dxe3 35. Kc3 g3 36. Kd4 e2 37. Rc1 Rf8 38. Ke3 Ke5 39. Rc5+ Kd6 40. Rc1 Ke5 41.
Rc5+ 1/2-1/2

[Event "Druzynowe Mistrzostwa Polski - II liga"]
[Site "Dom Wczasowy VIS Jastrzebia Gora"]
[Date "1899-12-30"]
[Round "7.99"]
[White "Slezinski, Nikodem"]
[Black "Rymaszewski, Dariusz"]
[Result "1-0"]
[WhiteTitle "I++"]
[BlackTitle "k"]
[WhiteElo "1985"]
[BlackElo "2050"]

1. e4 g6 2. Nc3 e5 3. Bc4 Bg7 4. f4 Nc6 5. Nf3 d6 6. O-O exf4 7. d3 Be6 8. Nd5
Na5 9. Bxf4 Nxc4 10. dxc4 c6 11. Ne3 Qb6 12. Qd2 Nf6 13. Ng5 Bxc4 14. Rf2 Ba6
15. Qxd6 Rd8 16. Qe5+ Kf8 17. Ne6+ fxe6 18. Bh6 Qd4 19. Rxf6+ 1-0

[Event "Druzynowe Mistrzostwa Polski - II liga"]
[Site "Dom Wczasowy VIS Jastrzebia Gora"]
[Date "1899-12-30"]
[Round "7.100"]
[White "Paprocki, Artur"]
[Black "Swider, Pawel"]
[Result "0-1"]
[WhiteTitle "I"]
[BlackTitle "I++"]
[WhiteElo "1800"]
[BlackElo "1920"]

1. d4 d5 2. c4 c6 3. Nc3 Nf6 4. e3 a6 5. Nf3 Bf5 6. Bd2 e6 7. Nh4 Bg6 8. Nxg6 hxg6
9. Qb3 Qc7 10. cxd5 exd5 11. Be2 Nbd7 12. h3 Bd6 13. O-O-O b5 14. Kb1 Nb6 15.
Bd3 O-O 16. e4 Bf4 17. Be1 dxe4 18. Nxe4 Nbd5 19. g3 Bh6 20. Nc5 a5 21. Bd2 Bxd2
22. Rxd2 a4 23. Qd1 a3 24. Qb3 Qa5 25. Rc2 axb2 26. Rxb2 Nc3+ 27. Ka1 Ra7 28.
Rc1 Nfd5 29. Ne4 b4 30. Nxc3 Nxc3 31. Bc4 Rfa8 32. Qxb4 Qxb4 33. Rxb4 Rxa2+ 34.
Rbb1 R2a7+ 0-1

[Event "Druzynowe Mistrzostwa Polski - II liga"]
[Site "Dom Wczasowy VIS Jastrzebia Gora"]
[Date "1899-12-30"]
[Round "7.101"]
[White "Hampel, Anna"]
[Black "Korosciel, Aneta"]
[Result "0-1"]
[WhiteTitle "I++"]
[BlackTitle "m"]
[WhiteElo "1665"]
[BlackElo "1956"]

1. e4 e5 2. Nf3 Nf6 3. Nxe5 d6 4. Nf3 Nxe4 5. d4 d5 6. Bd3 Be7 7. O-O Nc6 8. c3
Bg4 9. Re1 f5 10. Nbd2 O-O 11. Qb3 Na5 12. Qc2 c5 13. Ne5 Bh5 14. f3 cxd4 15.
cxd4 Rc8 16. Qa4 Rxc1 17. Raxc1 Nxd2 18. b3 a6 19. Qd7 Bb4 20. Bxf5 Qg5 21. Be6+
Kh8 22. Rc8 Nxf3+ 23. Nxf3 Bxf3 24. g3 Qd2 0-1

[Event "Druzynowe Mistrzostwa Polski - II liga"]
[Site "Dom Wczasowy VIS Jastrzebia Gora"]
[Date "1899-12-30"]
[Round "7.102"]
[White "Kozlowski, Waldemar"]
[Black "Kempinski, Tomasz"]
[Result "1/2-1/2"]
[WhiteTitle "FM"]
[BlackTitle "FM"]
[WhiteElo "2182"]
[BlackElo "2181"]

1. Nf3 Nf6 2. c4 e6 3. b3 d5 4. Bb2 c5 5. e3 Nc6 6. cxd5 exd5 7. d3 d4 8. e4 Bd6
9. g3 Bg4 10. h3 Bxf3 11. Qxf3 Ne5 12. Qe2 Qa5+ 13. Nd2 c4 14. bxc4 Bb4 15. Rd1
O-O-O 16. f4 Nxd3+ 17. Qxd3 Nxe4 18. Bg2 Nxd2 19. Rxd2 Rhe8+ 20. Kd1 Re3 21. Qc2
Bxd2 22. Qxd2 Qa4+ 23. Kc1 d3 24. Bd5 Rde8 25. Kb1 Rxg3 26. Qd1 Qxd1+ 27. Rxd1
f6 28. h4 Re2 29. Bg8 Rh2 30. Bxh7 Rxh4 31. Bf5+ Kc7 32. Bc1 g5 33. fxg5 fxg5
34. Bxd3 Kc6 35. Kc2 Rh2+ 36. Bd2 Kc5 37. Kc3 Rhh3 38. Bc1 g4 39. Ba3+ Kc6 40.
Kd4 Kc7 41. Bc1 Rf3 42. Be2 Rf8 43. Rg1 g3 44. Ke4 Rh4+ 45. Ke3 Rh2 46. Bd3 g2
47. Ke2 Rh1 48. Rxg2 Rxc1 49. Kd2 Ra1 50. Kc3 Rf7 51. Be4 Re7 52. Bd5 Rc1+ 53.
Kd4 Rd1+ 54. Kc3 Kd6 55. Bg8 Rde1 56. Kb4 Rb1+ 57. Kc3 Re5 58. Rg7 Re7 59. Rg2
Rbe1 60. Kb4 R1e2 61. Rg6+ Ke5 62. a4 Kd4 63. Rd6+ Ke3 64. a5 Rb2+ 65. Kc3 Ra2
66. Kb4 Rg7 67. Bd5 Rg1 68. Rd7 Rb1+ 69. Kc3 Rc1+ 70. Kb4 b6 71. axb6 axb6 72.
Kb5 Rb1+ 73. Kc6 Ra5 74. Kb7 Rc5 75. Bf7 Rg5 76. Bd5 Rg6 77. Bc6 Rb4 78. Bb5 Rb1
79. Rc7 Rh1 80. Rc6 Rxc6 81. Bxc6 Rh4 82. Kxb6 Rxc4 83. Kb5 Kd4 84. Bg2 Rc5+ 85.
Kb6 Rc2 86. Bf3 Rf2 87. Bh1 Kc4 88. Be4 Rf6+ 89. Kc7 Kc5 90. Kd7 Kd4 91. Bd5 1/2-1/2

[Event "Druzynowe Mistrzostwa Polski - II liga"]
[Site "Dom Wczasowy VIS Jastrzebia Gora"]
[Date "1899-12-30"]
[Round "7.104"]
[White "Krzewski, Dariusz"]
[Black "Paszek, Krzysztof"]
[Result "1-0"]
[WhiteTitle "k"]
[BlackTitle "k"]
[WhiteElo "2057"]
[BlackElo "2114"]

1. e4 c5 2. Nf3 d6 3. Bb5+ Bd7 4. Bxd7+ Qxd7 5. O-O Nc6 6. c3 Nf6 7. Re1 e6 8.
d4 cxd4 9. cxd4 d5 10. exd5 Nxd5 11. Ne5 Nxe5 12. dxe5 Be7 13. Qg4 g6 14. Nd2
h5 15. Qf3 Bb4 16. Rd1 Bxd2 17. Bxd2 O-O-O 18. Bb4 Kb8 19. Qa3 Qb5 20. Bc5 a6
21. b4 h4 22. h3 b6 23. Bd6+ Kb7 24. Qf3 f5 25. a4 Qd7 26. Rac1 Rc8 27. Rxd5 exd5
28. Qxd5+ Ka7 29. Bb8+ Kxb8 30. Qxd7 Rxc1+ 31. Kh2 Rhc8 32. Qd6+ Ka7 33. Qxg6
Re1 34. Qxf5 Rcc1 35. Qh7+ Ka8 36. Qxh4 1-0

[Event "Druzynowe Mistrzostwa Polski - II liga"]
[Site "Dom Wczasowy VIS Jastrzebia Gora"]
[Date "1899-12-30"]
[Round "7.105"]
[White "Walkusz, Witoslaw"]
[Black "Kitewski, Bartosz"]
[Result "0-1"]
[WhiteTitle "FM"]
[BlackTitle "I++"]
[WhiteElo "1904"]
[BlackElo "1993"]

1. e4 e6 2. d4 d5 3. Nc3 Nf6 4. Bg5 Be7 5. e5 Nfd7 6. Bxe7 Qxe7 7. f4 O-O 8. Nf3
c5 9. Qd2 Nc6 10. Bd3 f6 11. O-O cxd4 12. exf6 Qxf6 13. Ne2 Rd8 14. b4 a6 15.
a4 a5 16. b5 Nb4 17. Nexd4 Nxd3 18. cxd3 Nc5 19. Ne5 Bd7 20. Ra3 Qe7 21. Raa1
Rf8 22. Qe3 Qd6 23. Rfc1 b6 24. g3 Be8 25. Kg2 Bh5 26. Re1 Rf6 27. Rf1 Bg6 28.
Nxg6 hxg6 29. h4 Re8 30. Rfe1 Rf7 31. Nf3 Rc7 32. Nd4 Qf8 33. Nc6 Rcc8 34. Ra2
Qf5 35. Ne5 Rc7 36. Qd4 Rec8 37. Rae2 Kh7 38. Re3 Nb3 39. Qxb6 Rc2+ 40. R3e2 Nc1
41. Rf2 R8c5 42. Rd1 Rxf2+ 43. Kxf2 Rc2+ 44. Kf3 Qh5+ 45. Ng4 e5 46. Qe6 e4+ 47.
dxe4 dxe4+ 48. Kxe4 Re2+ 49. Ne3 Rxe3+ 50. Kxe3 Qe2+ 51. Kd4 Qxe6 52. Rxc1 Qd6+
53. Kc3 Qc5+ 54. Kd2 Qd4+ 0-1

[Event "Druzynowe Mistrzostwa Polski - II liga"]
[Site "Dom Wczasowy VIS Jastrzebia Gora"]
[Date "1899-12-30"]
[Round "7.106"]
[White "Kaznowska, Weronika"]
[Black "Demianowicz, Maciej"]
[Result "0-1"]
[WhiteTitle "I++"]
[BlackTitle "I"]
[WhiteElo "1535"]
[BlackElo "1988"]

1. d4 Nf6 2. Bf4 d6 3. Nf3 g6 4. Nc3 Bg7 5. e4 O-O 6. Qd2 Bg4 7. O-O-O Nbd7 8.
Bh6 e5 9. Bxg7 Kxg7 10. d5 Bxf3 0-1

[Event "Druzynowe Mistrzostwa Polski - II liga"]
[Site "Dom Wczasowy VIS Jastrzebia Gora"]
[Date "1899-12-30"]
[Round "7.108"]
[White "Krol, Rafal"]
[Black "Sliwicki, Damian"]
[Result "1/2-1/2"]
[WhiteTitle "I++"]
[BlackTitle "CM"]
[WhiteElo "2003"]
[BlackElo "2140"]

1. Nf3 c5 2. g3 g6 3. Bg2 Bg7 4. c4 Nc6 5. Nc3 e5 6. O-O Nge7 7. d3 O-O 8. Ne1
d6 9. Nc2 f5 10. Bg5 Be6 11. Ne3 h6 12. Bxe7 Nxe7 13. Bxb7 Rb8 14. Bg2 Rxb2 15.
Rb1 Qb6 16. Qa4 e4 17. Nb5 a6 18. Rxb2 Bxb2 19. Rb1 Bd4 20. Na3 1/2-1/2

[Event "Druzynowe Mistrzostwa Polski - II liga"]
[Site "Dom Wczasowy VIS Jastrzebia Gora"]
[Date "1899-12-30"]
[Round "7.109"]
[White "Papka, Sebastian"]
[Black "Gondzik, Dawid"]
[Result "1-0"]
[WhiteTitle "k"]
[BlackTitle "k"]
[WhiteElo "2101"]
[BlackElo "2040"]

1. d4 Nf6 2. c4 e6 3. Nc3 Bb4 4. Qc2 Nc6 5. e3 d6 6. Bd3 e5 7. Nge2 Bxc3+ 8. Qxc3
O-O 9. O-O Re8 10. b4 e4 11. Bc2 d5 12. Nf4 Ne7 13. Bb3 c6 14. b5 cxb5 15. cxb5
g5 16. Ne2 Bd7 17. Qb4 Qc7 18. h3 Ng6 19. Ba3 g4 20. b6 Qxb6 21. hxg4 Qxb4 22.
Bxb4 Bxg4 23. Nc3 Red8 24. Rfc1 Be6 25. a4 Ne8 26. a5 Nc7 27. Ba3 Rac8 28. Bc5
Ra8 29. Rab1 Na6 30. Ba3 b6 31. axb6 axb6 32. Ba4 Rab8 33. Bc6 Nc7 34. Rb2 Nf8
35. Be7 Rdc8 36. Bd6 Bd7 37. Bxd7 Nxd7 38. Rbc2 Ne8 39. Bxb8 Rxb8 40. Nxd5 Nef6
41. Nxf6+ Nxf6 42. Rc8+ Rxc8 43. Rxc8+ Kg7 44. Rc6 1-0

[Event "Druzynowe Mistrzostwa Polski - II liga"]
[Site "Dom Wczasowy VIS Jastrzebia Gora"]
[Date "1899-12-30"]
[Round "7.110"]
[White "Lizak, Sebastian"]
[Black "Drozdowski, Konrad"]
[Result "1/2-1/2"]
[WhiteTitle "I"]
[BlackTitle "k"]
[WhiteElo "1907"]
[BlackElo "2088"]

1. e4 c5 2. Nf3 e6 3. d4 cxd4 4. Nxd4 a6 5. Nc3 Qc7 6. Be2 Nf6 7. O-O d6 8. Be3
Be7 9. f4 Nbd7 10. Bf3 Nb6 11. e5 dxe5 12. fxe5 Qxe5 13. Nf5 exf5 14. Bxb6 O-O
15. Re1 Qd6 16. Qxd6 Bxd6 17. Rad1 Bb4 18. Bd4 Ne4 19. Bxe4 fxe4 20. Rxe4 Bf5
21. Rf4 Bxc2 22. Rd2 Bd6 23. Rg4 Bg6 24. Bxg7 Bxh2+ 25. Kxh2 Kxg7 26. Rd7 Rab8
27. Ne4 Rfd8 28. Rxd8 Rxd8 29. Nc5 Rd5 30. b4 h5 1/2-1/2